Städteraten - Europa II - Statistiken

Allgemein
  • Dieses Quiz wurde 110 mal gespielt
  • Das Durchschnittsergebnis liegt bei 10 aus 15
Antwortstatistiken
Hint Antwort % Korrekt
Hauptstadt Irlands Dublin / Irland
100%
Hauptstadt Polens Warschau / Polen
97%
Größter deutscher Hafen Hamburg / Deutschland
96%
Hauptstadt der EU Brüssel / Belgien
94%
Hier steht der ... Dom Köln / Deutschland
84%
Millionenstadt am Vesuvio Neapel / Italien
82%
Hauptstadt am Atlantischen Ozean Lissabon / Portugal
78%
Gaudí Stadt am Mittelmeer Barcelona / Spanien
70%
Größte Stadt in Andalusien Sevilla / Spanien
61%
Größte Stadt am Dnepr Kiew / Ukraine
57%
Hauptstadt aber nicht Regierungssitz Amsterdam / Niederlande
54%
Älteste Stadt Frankreichs Marseille / Frankreich
51%
Das alte Ludgunum Lyon / Frankreich
41%
Liegt im gleichnamigen Schärengarten Stockholm / Schweden
35%
Metropole von Tatarstan Kasan / Russland
10%
Keine übereinstimmenden Quizze gefunden
Verteilung der Resultate
Anzahl Personen mit jedem Resultat
Perzentil nach korrekt beantworteten Fragen
Ihre Resultats-Entwicklung
Sie haben dieses Quiz noch nicht gespielt